Bodies of Water with the names of Countries or Country Subdivisions - Statistics

General Stats
  • This quiz has been taken 153 times
  • The average score is 30 of 81
Answer Stats
Answer % Correct
Sea of {Japan}
86%
Gulf of {Mexico}
84%
East {China} Sea
81%
South {China} Sea
81%
{English} Channel
71%
{Persian} Gulf
67%
{Congo} River
66%
Bay of {Bengal}
64%
Gulf of {Guinea}
64%
{Niger} River
64%
{Irish} Sea
63%
Gulf of {Panama}
59%
{Panama} Canal
59%
Gulf of {Finland}
58%
{Indian} Ocean
58%
{Mississippi} River
57%
Lake {Michigan}
56%
{Arabian} Sea
55%
{Tasman} Sea
54%
{Missouri} River
52%
{Norwegian} Sea
50%
{Philippine} Sea
50%
Gulf of {Thailand}
49%
Lake {Ontario}
48%
{Mozambique} Channel
48%
Great {Australian} Bight
47%
{Korea} Bay
47%
{Korea} Strait
47%
{Colorado} River
45%
Gulf of {Alaska}
45%
{Greenland} Sea
44%
Gulf of {California}
44%
Lake {Malawi}
44%
Gulf of {Oman}
43%
Lake {Nicaragua}
43%
{Java} Sea
39%
{Taiwan} Strait
39%
{Denmark} Strait
38%
Lake {Chad}
37%
{Ohio} River
37%
Strait of {Gibraltar}
37%
{Arkansas} River
36%
{Timor} Sea
36%
{Singapore} Strait
33%
{Iceland} Sea
31%
Straits of {Florida}
31%
Gulf of {Maine}
30%
{Senegal} River
30%
{Andaman} Sea
28%
{Jordan} River
28%
{Paraguay} River
27%
{Uruguay} River
27%
{Labrador} Sea
25%
{Solomon} Sea
25%
{Gambia} River
23%
{Yukon} River
23%
{Balearic} Sea
22%
{Delaware} Bay
20%
{Delaware} River
20%
{Alabama} River
18%
{Tennessee} River
18%
{Ligurian} Sea
17%
East {Siberian} Sea
16%
{Kansas} River
16%
{Kuwait} Bay
16%
{Connecticut} River
15%
Gulf of {Venezuela}
14%
{Massachusetts} Bay
14%
{Kentucky} River
13%
Lake {Manitoba}
13%
Bight of {Benin}
12%
Gulf of {Honduras}
12%
{Illinois} River
11%
{Iowa} River
11%
{Brunei} Bay
10%
{Brunei} River
10%
Gulf of {Papua}
10%
Sea of {Crete}
9%
{Wisconsin} River
9%
{Minnesota} River
8%
{Iranian} Bay
3%
No matching quizzes found
Score Distribution
Percent of People with Each Score
Percentile by Number Answered
Your Score History
You have not taken this quiz